000 00873nas a2200289 4500
001 BR2014007258
003 BR-BrBNA
005 20231205124726.0
007 ta
008 230509b bl.|||p| |||| 00| 00por d
040 _aBR-BrBNA
_bpor
_cBiblioteca Nacional de Agricultura
041 _a(Pt)
072 _aQ04; Q03; L70
100 1 _aTofouni, S.A.V.
100 1 _aFurlani, R.P.Z.
100 1 _aAraújo, J.D.
100 1 _aSouza, R.M.
245 1 _aAvaliação da presença de resíduos em leite de vacas tratadas com diflubenzurom
650 _aVACA
650 _aLEITE
650 _aCOMPOSIÇÃO QUÍMICA
650 _aPESTICIDA
650 _aVETERINÁRIA
773 0 _tRevista do Instituto Adolfo Lutz (Brazil)
_xISSN 0073-9855
_g(Sep-Dec 2007), v. 66(3) p. 230-233
_wBR2014007258
909 _a202311
_bLúcia
_c55
_dLúcia Elande
942 _2AGRIS
_n0
_cANA
999 _c240579
_d240579